A social history of England

Saved in:
Bibliographic Details
Main Author: Briggs, Asa, 1921-2016
Format: Book
Language:English
Published: London : Penguin Books, 1985.
Subjects:
Tags: Add Tag
No Tags, Be the first to tag this record!

MARC

LEADER 00000cam a2200000 i 4500
001 1/3321
008 960318s1985 enka ||| |||| | eng d
020 |a 0140074929  
035 |l 10015177 
040 |a GR-MY-UA  |b gre  |e aacr 
041 0 |a eng 
082 0 |a 941 
100 1 |a Briggs, Asa,   |d 1921-2016. 
245 1 2 |a A social history of England /   |c Asa Briggs.  
260 |a London :   |b Penguin Books,   |c 1985.  
300 |a 319 σ. :   |b εικ. ;   |c 25 εκ.  
504 |a Περιέχει ευρετήριο.  
651 0 |a England  |x Social conditions. 
852 |a INST  |b LESVOS  |e 19960318  |h 941 BRI  |p 005100006819  |q 005100006819  |t BK  |y 0 
922 |a 1ΕΛΗ  |b 199105  |c ΠΠ/1010